000 00315 a2200157 4500
001 167120
020 _a
040 _cMagnum
100 _aGadotti, Moacir
240 1 0 _aPedagogia da terra
_lpor
245 1 0 _aPedagogia da terra
362 0 _a1899
440 1 _aPeirópolis
697 _aENSINO
942 _cBK
999 _c167120
_d167120